<?xml version="1.0" encoding="UTF-8"?>
<marc:record xmlns:marc="http://www.loc.gov/MARC21/slim" type="Bibliographic">
   <marc:leader>00000nam a2200000 c 4500</marc:leader>
   <marc:controlfield tag="001">95803219X</marc:controlfield>
   <marc:controlfield tag="003">DE-101</marc:controlfield>
   <marc:controlfield tag="005">20171203081003.0</marc:controlfield>
   <marc:controlfield tag="007">tu</marc:controlfield>
   <marc:controlfield tag="008">991130s1999    gw ||||| |||| 00||||ger  </marc:controlfield>
   <marc:datafield ind1=" " ind2=" " tag="015">
      <marc:subfield code="a">00,A03,0235</marc:subfield>
      <marc:subfield code="2">dnb</marc:subfield>
   </marc:datafield>
   <marc:datafield ind1="7" ind2=" " tag="016">
      <marc:subfield code="2">DE-101</marc:subfield>
      <marc:subfield code="a">95803219X</marc:subfield>
   </marc:datafield>
   <marc:datafield ind1=" " ind2=" " tag="020">
      <marc:subfield code="a">9783796609541</marc:subfield>
      <marc:subfield code="c">kart. : DM 29.80</marc:subfield>
      <marc:subfield code="9">978-3-7966-0954-1</marc:subfield>
   </marc:datafield>
   <marc:datafield ind1=" " ind2=" " tag="020">
      <marc:subfield code="a">3796609546</marc:subfield>
      <marc:subfield code="c">kart. : DM 29.80</marc:subfield>
      <marc:subfield code="9">3-7966-0954-6</marc:subfield>
   </marc:datafield>
   <marc:datafield ind1=" " ind2=" " tag="035">
      <marc:subfield code="a">(DE-599)DNB95803219X</marc:subfield>
   </marc:datafield>
   <marc:datafield ind1=" " ind2=" " tag="035">
      <marc:subfield code="a">(OCoLC)76083327</marc:subfield>
   </marc:datafield>
   <marc:datafield ind1=" " ind2=" " tag="040">
      <marc:subfield code="a">1240</marc:subfield>
      <marc:subfield code="b">ger</marc:subfield>
      <marc:subfield code="c">DE-101</marc:subfield>
      <marc:subfield code="d">9999</marc:subfield>
   </marc:datafield>
   <marc:datafield ind1=" " ind2=" " tag="041">
      <marc:subfield code="a">ger</marc:subfield>
   </marc:datafield>
   <marc:datafield ind1=" " ind2=" " tag="044">
      <marc:subfield code="c">XA-DE</marc:subfield>
   </marc:datafield>
   <marc:datafield ind1=" " ind2=" " tag="084">
      <marc:subfield code="a">12</marc:subfield>
      <marc:subfield code="a">200</marc:subfield>
      <marc:subfield code="a">220</marc:subfield>
      <marc:subfield code="a">230</marc:subfield>
      <marc:subfield code="q">DE-101</marc:subfield>
      <marc:subfield code="2">sdnb</marc:subfield>
   </marc:datafield>
   <marc:datafield ind1=" " ind2=" " tag="084">
      <marc:subfield code="a">3.5a</marc:subfield>
      <marc:subfield code="a">3.5a</marc:subfield>
      <marc:subfield code="q">DE-101</marc:subfield>
      <marc:subfield code="2">sswd</marc:subfield>
   </marc:datafield>
   <marc:datafield ind1=" " ind2=" " tag="090">
      <marc:subfield code="a">b</marc:subfield>
   </marc:datafield>
   <marc:datafield ind1="0" ind2="0" tag="245">
      <marc:subfield code="a">Ich will mit dir sein und dich segnen</marc:subfield>
      <marc:subfield code="b">Segensfeiern und Segensgesten</marc:subfield>
      <marc:subfield code="c">Christiane Bundschuh-Schramm (Hrsg.)</marc:subfield>
   </marc:datafield>
   <marc:datafield ind1=" " ind2="1" tag="264">
      <marc:subfield code="a">Ostfildern</marc:subfield>
      <marc:subfield code="b">Schwabenverl.</marc:subfield>
      <marc:subfield code="c">1999</marc:subfield>
   </marc:datafield>
   <marc:datafield ind1=" " ind2=" " tag="300">
      <marc:subfield code="a">208 S.</marc:subfield>
      <marc:subfield code="b">Noten</marc:subfield>
      <marc:subfield code="c">21 cm</marc:subfield>
   </marc:datafield>
   <marc:datafield ind1=" " ind2=" " tag="336">
      <marc:subfield code="a">Text</marc:subfield>
      <marc:subfield code="b">txt</marc:subfield>
      <marc:subfield code="2">rdacontent</marc:subfield>
   </marc:datafield>
   <marc:datafield ind1=" " ind2=" " tag="337">
      <marc:subfield code="a">ohne Hilfsmittel zu benutzen</marc:subfield>
      <marc:subfield code="b">n</marc:subfield>
      <marc:subfield code="2">rdamedia</marc:subfield>
   </marc:datafield>
   <marc:datafield ind1=" " ind2=" " tag="338">
      <marc:subfield code="a">Band</marc:subfield>
      <marc:subfield code="b">nc</marc:subfield>
      <marc:subfield code="2">rdacarrier</marc:subfield>
   </marc:datafield>
   <marc:datafield ind1="2" ind2="7" tag="610">
      <marc:subfield code="0">(DE-588)2009545-4</marc:subfield>
      <marc:subfield code="0">https://d-nb.info/gnd/2009545-4</marc:subfield>
      <marc:subfield code="0">(DE-101)004691792</marc:subfield>
      <marc:subfield code="a">Katholische Kirche</marc:subfield>
      <marc:subfield code="2">gnd</marc:subfield>
   </marc:datafield>
   <marc:datafield ind1=" " ind2="7" tag="650">
      <marc:subfield code="0">(DE-588)4180685-2</marc:subfield>
      <marc:subfield code="0">https://d-nb.info/gnd/4180685-2</marc:subfield>
      <marc:subfield code="0">(DE-101)041806859</marc:subfield>
      <marc:subfield code="a">Segen</marc:subfield>
      <marc:subfield code="2">gnd</marc:subfield>
   </marc:datafield>
   <marc:datafield ind1=" " ind2="7" tag="650">
      <marc:subfield code="0">(DE-588)4066960-9</marc:subfield>
      <marc:subfield code="0">https://d-nb.info/gnd/4066960-9</marc:subfield>
      <marc:subfield code="0">(DE-101)040669602</marc:subfield>
      <marc:subfield code="a">Wortgottesdienst</marc:subfield>
      <marc:subfield code="2">gnd</marc:subfield>
   </marc:datafield>
   <marc:datafield ind1=" " ind2="7" tag="650">
      <marc:subfield code="0">(DE-588)4180685-2</marc:subfield>
      <marc:subfield code="0">https://d-nb.info/gnd/4180685-2</marc:subfield>
      <marc:subfield code="0">(DE-101)041806859</marc:subfield>
      <marc:subfield code="a">Segen</marc:subfield>
      <marc:subfield code="2">gnd</marc:subfield>
   </marc:datafield>
   <marc:datafield ind1=" " ind2="7" tag="650">
      <marc:subfield code="0">(DE-588)4010071-6</marc:subfield>
      <marc:subfield code="0">https://d-nb.info/gnd/4010071-6</marc:subfield>
      <marc:subfield code="0">(DE-101)040100715</marc:subfield>
      <marc:subfield code="a">Christ</marc:subfield>
      <marc:subfield code="2">gnd</marc:subfield>
   </marc:datafield>
   <marc:datafield ind1=" " ind2="7" tag="650">
      <marc:subfield code="0">(DE-588)4001307-8</marc:subfield>
      <marc:subfield code="0">https://d-nb.info/gnd/4001307-8</marc:subfield>
      <marc:subfield code="0">(DE-101)040013073</marc:subfield>
      <marc:subfield code="a">Alltag</marc:subfield>
      <marc:subfield code="2">gnd</marc:subfield>
   </marc:datafield>
   <marc:datafield ind1=" " ind2="7" tag="655">
      <marc:subfield code="0">(DE-588)4144384-6</marc:subfield>
      <marc:subfield code="0">https://d-nb.info/gnd/4144384-6</marc:subfield>
      <marc:subfield code="0">(DE-101)041443845</marc:subfield>
      <marc:subfield code="a">Beispielsammlung</marc:subfield>
      <marc:subfield code="2">gnd-content</marc:subfield>
   </marc:datafield>
   <marc:datafield ind1=" " ind2="7" tag="655">
      <marc:subfield code="a">Beispielsammlung</marc:subfield>
      <marc:subfield code="2">gnd</marc:subfield>
   </marc:datafield>
   <marc:datafield ind1=" " ind2="7" tag="655">
      <marc:subfield code="a">Beispielsammlung</marc:subfield>
      <marc:subfield code="2">gnd</marc:subfield>
   </marc:datafield>
   <marc:datafield ind1="0" ind2="0" tag="689">
      <marc:subfield code="0">(DE-588)4180685-2</marc:subfield>
      <marc:subfield code="0">https://d-nb.info/gnd/4180685-2</marc:subfield>
      <marc:subfield code="0">(DE-101)041806859</marc:subfield>
      <marc:subfield code="D">s</marc:subfield>
      <marc:subfield code="a">Segen</marc:subfield>
   </marc:datafield>
   <marc:datafield ind1="0" ind2="1" tag="689">
      <marc:subfield code="0">(DE-588)4066960-9</marc:subfield>
      <marc:subfield code="0">https://d-nb.info/gnd/4066960-9</marc:subfield>
      <marc:subfield code="0">(DE-101)040669602</marc:subfield>
      <marc:subfield code="D">s</marc:subfield>
      <marc:subfield code="a">Wortgottesdienst</marc:subfield>
   </marc:datafield>
   <marc:datafield ind1="0" ind2="2" tag="689">
      <marc:subfield code="0">(DE-588)2009545-4</marc:subfield>
      <marc:subfield code="0">https://d-nb.info/gnd/2009545-4</marc:subfield>
      <marc:subfield code="0">(DE-101)004691792</marc:subfield>
      <marc:subfield code="D">b</marc:subfield>
      <marc:subfield code="a">Katholische Kirche</marc:subfield>
   </marc:datafield>
   <marc:datafield ind1="0" ind2="3" tag="689">
      <marc:subfield code="A">f</marc:subfield>
      <marc:subfield code="a">Beispielsammlung</marc:subfield>
   </marc:datafield>
   <marc:datafield ind1="0" ind2=" " tag="689">
      <marc:subfield code="5">DE-101</marc:subfield>
      <marc:subfield code="5">DE-101</marc:subfield>
   </marc:datafield>
   <marc:datafield ind1="1" ind2="0" tag="689">
      <marc:subfield code="0">(DE-588)4180685-2</marc:subfield>
      <marc:subfield code="0">https://d-nb.info/gnd/4180685-2</marc:subfield>
      <marc:subfield code="0">(DE-101)041806859</marc:subfield>
      <marc:subfield code="D">s</marc:subfield>
      <marc:subfield code="a">Segen</marc:subfield>
   </marc:datafield>
   <marc:datafield ind1="1" ind2="1" tag="689">
      <marc:subfield code="0">(DE-588)4010071-6</marc:subfield>
      <marc:subfield code="0">https://d-nb.info/gnd/4010071-6</marc:subfield>
      <marc:subfield code="0">(DE-101)040100715</marc:subfield>
      <marc:subfield code="D">s</marc:subfield>
      <marc:subfield code="a">Christ</marc:subfield>
   </marc:datafield>
   <marc:datafield ind1="1" ind2="2" tag="689">
      <marc:subfield code="0">(DE-588)4001307-8</marc:subfield>
      <marc:subfield code="0">https://d-nb.info/gnd/4001307-8</marc:subfield>
      <marc:subfield code="0">(DE-101)040013073</marc:subfield>
      <marc:subfield code="D">s</marc:subfield>
      <marc:subfield code="a">Alltag</marc:subfield>
   </marc:datafield>
   <marc:datafield ind1="1" ind2="3" tag="689">
      <marc:subfield code="A">f</marc:subfield>
      <marc:subfield code="a">Beispielsammlung</marc:subfield>
   </marc:datafield>
   <marc:datafield ind1="1" ind2=" " tag="689">
      <marc:subfield code="5">DE-101</marc:subfield>
      <marc:subfield code="5">DE-101</marc:subfield>
   </marc:datafield>
   <marc:datafield ind1="1" ind2=" " tag="700">
      <marc:subfield code="0">(DE-588)120098660</marc:subfield>
      <marc:subfield code="0">https://d-nb.info/gnd/120098660</marc:subfield>
      <marc:subfield code="0">(DE-101)120098660</marc:subfield>
      <marc:subfield code="a">Bundschuh-Schramm, Christiane</marc:subfield>
      <marc:subfield code="d">1963-</marc:subfield>
      <marc:subfield code="e">Herausgeber</marc:subfield>
      <marc:subfield code="4">edt</marc:subfield>
      <marc:subfield code="2">gnd</marc:subfield>
   </marc:datafield>
   <marc:datafield ind1="0" ind2="8" tag="776">
      <marc:subfield code="i">CD-ROM-Ausg. u.d.T.:</marc:subfield>
      <marc:subfield code="t">Gottesdienste mit Senioren, Segensfeiern und Segensgesten, Bußgottesdienste, Kinder im Gemeindegottesdienst Lj C, Schul- und Schülergottesdienste Grundstufe (Klasse 1 - 4)</marc:subfield>
      <marc:subfield code="d">Ostfildern : Schwabenverl., 2001</marc:subfield>
      <marc:subfield code="h">1 CD-ROM</marc:subfield>
      <marc:subfield code="w">(DE-101)966329961</marc:subfield>
   </marc:datafield>
   <marc:datafield ind1=" " ind2=" " tag="850">
      <marc:subfield code="a">DE-101a</marc:subfield>
      <marc:subfield code="a">DE-101b</marc:subfield>
   </marc:datafield>
   <marc:datafield ind1="r" ind2=" " tag="925">
      <marc:subfield code="a">ra</marc:subfield>
   </marc:datafield>
</marc:record>
